| 000 | 00460nam a2200157Ia 4500 | ||
|---|---|---|---|
| 003 | SGT | ||
| 020 | _a9789350142561 | ||
| 082 |
_a5.2 _bSHA |
||
| 100 | _aSharma,Pankaj | ||
| 245 | _aWeb development | ||
| 260 |
_bS.K. Kataria & SONS _aN.Delhi _c2013 |
||
| 300 | _a470p. | ||
| 650 | _aCOMPUTER NETWORKS | ||
| 653 | _aINTRODUCTION TO JAVA, CLASS,OBJECT AND METHODS IN JAVA, ARRAYS,INHERITANCE AND POLYMORPHISM, INTRODUCTION TO INTERNET(WWW), | ||
| 942 |
_2ddc _cBK |
||
| 999 |
_c5496 _d5496 |
||